|
|
|
|
| LEADER |
00000nam0a2200000 4500 |
| 001 |
301755 |
| 005 |
20231102001431.0 |
| 020 |
|
|
|a RU
|b 83-15920
|
| 035 |
|
|
|a (RuTPU)RU\TPU\book\326931
|
| 090 |
|
|
|a 301755
|
| 100 |
|
|
|a 20150813d1983 m y0rusy5003 ca
|
| 101 |
0 |
|
|a rus
|
| 102 |
|
|
|a RU
|
| 105 |
|
|
|a ac z 000zy
|
| 200 |
1 |
|
|a Село милосердия
|f А. Ф. Полянский
|
| 210 |
|
|
|a Москва
|c Политиздат
|d 1983
|
| 215 |
|
|
|a 143 с.
|c 4 л. ил.
|
| 606 |
1 |
|
|a Подпольное движение в Великой Отечественной войне 1941-1945
|2 stltpush
|3 (RuTPU)RU\TPU\subj\66776
|9 82810
|
| 610 |
1 |
|
|a немецко-фашистская оккупация
|
| 610 |
1 |
|
|a госпитали
|
| 610 |
1 |
|
|a Великая Отечественная война 1941-1945
|
| 610 |
1 |
|
|a врачи
|
| 610 |
1 |
|
|a Украина
|
| 610 |
1 |
|
|a история
|
| 610 |
1 |
|
|a раненые
|
| 610 |
1 |
|
|a милосердие
|
| 610 |
1 |
|
|a медицинские работники
|
| 610 |
1 |
|
|a оккупированные территории
|
| 686 |
|
|
|a Т3(2)622.5
|v LBC/SL-A
|2 rubbk
|
| 700 |
|
1 |
|a Полянский
|b А. Ф.
|4 070
|
| 702 |
|
1 |
|a Крылов
|b Е. А.
|4 440
|
| 801 |
|
0 |
|a RU
|b RuMRKP
|c 19950704
|g psbo
|
| 801 |
|
1 |
|a RU
|b 63413507
|c 20150813
|
| 801 |
|
2 |
|a RU
|b 63413507
|c 20170808
|g RCR
|
| 942 |
|
|
|c BK
|